All-time Summer Olympic medal-winning countries - Statistics

General Stats
  • This quiz has been taken 111 times
  • The average score is 112 of 160
Answer Stats
Rank NOC Gold Silver Bronze Total Continent % Correct
1 United States 1,105 879 781 2,765 N. America
99%
4 Great Britain 298 339 343 980 Europe
98%
3 China 303 226 198 727 Asia
97%
98 Individual Neutral Athletes 1 3 1 5 Europe
96%
13 Russia 147 125 150 422 Europe
96%
97 Russian Empire 1 4 3 8 Europe
96%
45 Russian Olympic Committee 20 28 23 71 Europe
96%
11 East Germany 153 129 127 409 Europe
95%
5 France 239 278 299 816 Europe
95%
7 Germany 213 220 255 688 Europe
95%
36 United Team of Germany 28 54 36 118 Europe
95%
24 West Germany 56 67 81 204 Europe
95%
19 Canada 80 117 156 353 N. America
94%
6 Italy 229 201 228 658 Europe
94%
26 Spain 53 76 58 187 Europe
93%
8 Japan 189 162 191 542 Asia
91%
52 Mexico 13 27 37 77 N. America
91%
85 Australasia 3 4 5 12 Oceania
90%
38 Jamaica 27 39 28 94 N. America
90%
10 Australia 182 192 226 600 Oceania
89%
68 Portugal 6 11 15 32 Europe
89%
2 Soviet Union 395 319 296 1,010 Europe
89%
30 Unified Team 45 38 29 112 Europe
89%
32 Brazil 40 49 81 170 S. America
88%
14 Netherlands 110 112 134 356 Europe
88%
91 Serbia and Montenegro 2 4 3 9 Europe
88%
37 South Africa 28 36 31 95 Africa
88%
43 Argentina 22 27 31 80 S. America
87%
29 Belgium 47 57 63 167 Europe
87%
16 Finland 101 85 119 305 Europe
87%
21 Norway 65 53 53 171 Europe
87%
12 Sweden 151 181 182 514 Europe
86%
22 New Zealand 63 40 54 157 Oceania
85%
20 Poland 73 93 142 308 Europe
85%
64 Serbia 9 8 11 28 Europe
85%
35 Greece 36 46 47 129 Europe
84%
58 India 10 10 21 41 Asia
84%
33 Kenya 39 44 41 124 Africa
84%
57 Slovakia 10 14 9 33 Europe
84%
15 South Korea 109 100 111 320 Asia
84%
25 Switzerland 54 81 79 214 Europe
84%
34 Ukraine 38 41 72 151 Europe
84%
42 Austria 22 35 44 101 Europe
83%
27 Denmark 50 80 84 214 Europe
83%
81 Chile 3 8 4 15 S. America
82%
50 Ireland 15 10 17 42 Europe
82%
18 Cuba 86 70 88 244 N. America
81%
62 Egypt 9 12 20 41 Africa
80%
69 Lithuania 6 9 15 30 Europe
80%
47 North Korea 16 18 27 61 Asia
80%
17 Romania 93 101 123 317 Europe
80%
44 Czech Republic 22 22 28 72 Europe
79%
131 Independent Olympic Participants 0 1 2 3 N/A
79%
73 Latvia 4 11 6 21 Europe
79%
- Peru 1 3 1 5 S. America
79%
59 Slovenia 10 10 11 31 Europe
79%
23 Bulgaria 57 89 85 231 Europe
78%
71 Colombia 5 16 17 38 S. America
78%
48 Croatia 16 15 17 48 Europe
78%
60 Estonia 10 9 17 36 Europe
78%
41 Ethiopia 24 16 22 62 Africa
78%
9 Hungary 187 161 182 530 Europe
78%
39 Iran 27 29 32 88 Asia
78%
65 Morocco 8 5 13 26 Africa
78%
78 Pakistan 4 3 4 11 Asia
78%
31 Turkey 41 29 41 111 Europe
78%
56 Indonesia 10 14 16 40 Asia
77%
- Iraq 0 0 1 1 Asia
77%
40 Yugoslavia 26 29 28 83 Europe
77%
49 Kazakhstan 15 25 38 78 Asia
76%
96 Luxembourg 2 1 0 3 Europe
76%
123 Iceland 0 2 2 4 Europe
74%
74 Israel 4 6 10 20 Asia
74%
54 Thailand 11 11 19 41 Asia
74%
82 Venezuela 3 7 9 19 S. America
74%
- Vietnam 1 3 1 5 Asia
74%
51 Belarus 13 30 42 85 Europe
73%
53 Georgia 13 15 19 47 Asia
73%
- Niger 0 1 1 2 Africa
73%
94 Qatar 2 2 5 9 Asia
72%
67 Algeria 7 4 9 20 Africa
71%
- Panama 1 1 2 4 N. America
71%
- Saudi Arabia 0 2 2 4 Asia
71%
80 Nigeria 3 11 13 27 Africa
70%
93 Uruguay 2 2 6 10 S. America
70%
28 Czechoslovakia 49 49 45 143 Europe
69%
75 Dominican Republic 4 5 6 15 N. America
69%
70 Tunisia 6 4 8 18 Africa
69%
90 Armenia 2 11 9 22 Asia
68%
61 Azerbaijan 9 16 31 56 Asia
68%
- Paraguay 0 1 0 1 S. America
68%
46 Uzbekistan 18 8 23 49 Asia
68%
122 Moldova 0 3 7 10 Europe
67%
- Sudan 0 1 0 1 Africa
67%
83 Trinidad and Tobago 3 5 11 19 N. America
67%
148 Afghanistan 0 0 2 2 Asia
66%
119 Malaysia 0 8 7 15 Asia
66%
- Montenegro 0 1 0 1 Europe
66%
104 Tajikistan 1 1 5 7 Asia
66%
- Turkmenistan 0 1 0 1 Asia
66%
107 Costa Rica 1 1 2 4 N. America
65%
95 Fiji 2 1 1 4 Oceania
65%
84 Philippines 3 5 10 18 Asia
65%
- Albania 0 0 2 2 Europe
64%
63 Chinese Taipei 9 11 23 43 Asia
64%
76 Ecuador 4 4 2 10 S. America
64%
129 Ghana 0 1 4 5 Africa
64%
110 Guatemala 1 1 1 3 N. America
64%
120 Kyrgyzstan 0 5 8 13 Asia
64%
118 Dominica 1 0 0 1 N. America
63%
88 Kosovo 3 1 1 5 Europe
63%
89 Mongolia 2 12 17 31 Asia
63%
- Syria 1 1 2 4 Asia
63%
- Guyana 0 0 1 1 S. America
62%
134 Haiti 0 1 1 2 N. America
62%
147 Kuwait 0 0 3 3 Asia
62%
- Suriname 1 0 1 2 S. America
62%
- Saint Lucia 1 1 0 2 N. America
61%
- Senegal 0 1 0 1 Africa
61%
- Sri Lanka 0 2 0 2 Asia
61%
- United Arab Emirates 1 0 1 2 Asia
61%
151 Barbados 0 0 1 1 N. America
60%
87 Cameroon 3 1 2 6 Africa
60%
- Jordan 1 2 1 4 Asia
60%
- Lebanon 0 2 2 4 Asia
60%
66 Bahamas 8 2 6 16 N. America
59%
102 Botswana 1 2 1 4 Africa
59%
126 Cyprus 0 2 0 2 Asia
59%
- San Marino 0 1 2 3 Europe
59%
- Tanzania 0 2 0 2 Africa
59%
- North Macedonia 0 1 1 2 Europe
57%
101 Singapore 1 2 3 6 Asia
57%
79 Bahrain 4 3 1 8 Asia
56%
105 Grenada 1 1 3 5 N. America
56%
72 Uganda 5 5 3 13 Africa
56%
86 Zimbabwe 3 4 1 8 Africa
56%
- Zambia 0 1 2 3 Africa
55%
121 Namibia 0 5 0 5 Africa
54%
137 Gabon 0 1 0 1 Africa
53%
- Eritrea 0 0 1 1 Africa
52%
- Mozambique 1 0 1 2 Africa
52%
- Ivory Coast 1 1 3 5 Africa
51%
- Togo 0 0 1 1 Africa
50%
- Samoa 0 1 0 1 Oceania
49%
- Tonga 0 1 0 1 Oceania
48%
111 Burundi 1 1 0 2 Africa
46%
- Djibouti 0 0 1 1 Africa
46%
- Burkina Faso 0 0 1 1 Africa
41%
- Mauritius 0 0 1 1 Africa
40%
- Cape Verde 0 0 1 1 Africa
39%
77 Hong Kong 4 3 6 13 Asia
34%
92 Puerto Rico 2 2 8 12 N. America
32%
113 Bermuda 1 0 1 2 N. America
30%
- Refugee Olympic Team 0 0 1 1 N/A
29%
- US Virgin Islands 0 1 0 1 N. America
19%
- Independent Olympic Athletes 1 0 1 2 N/A
18%
- Netherlands Antilles 0 1 0 1 N. America
11%
- British West Indies 0 0 2 2 N. America
7%
130 Bohemia 0 1 3 4 Europe
6%
55 Mixed team 11 6 8 25 N/A
5%
No matching quizzes found
Score Distribution
Percent of People with Each Score
Percentile by Number Answered
Your Score History
You have not taken this quiz